00732nam a2200181 a 4500003000200000005001700002008004100019050002900060100002200089245012300111260009200234300004000326504004100366650003600407650002200443650005100465650003400516020250424094113.0970114s19uu xx 00 eng d aPGS LB 1060 b.L157 2003 aLadzinski, James. aThe effects of music on the studies and behavioral development of Southville grade school students /cJames Ladzinski. aLas Piñas City, Philippines : bSouthville International School and Colleges,c2003. a21 pages :billustrations ;c28 cm. aIncludes bibliographical references. aMusicvPsychological aspects.  aMusicvInfluence. aAcademic achievementvPsychological aspects.  aBehavior modificationvMusic.